Southville International School and Colleges
Your cart is empty.
  • Cart
  • Lists
    Public lists Eva Luna New books Lux_list list_1
    Your lists Log in to create your own lists
  • Log in to your account
  • Your cookies
  • Search history
Southville International School and Colleges
  • Advanced search
  • Recent comments
  • Most popular
  • Libraries

Log in to your account

Log in with GOOGLE


If you do not have an external account, but do have a local account, you can still log in:

  1. Home
  2. MARC view: Conflict in the pacific :
Normal view MARC view ISBD view

Conflict in the pacific : (Record no. 3085)

[ view plain ]
MARC details
000 -LEADER
fixed length control field 00499nam a22001817a 4500
003 - CONTROL NUMBER IDENTIFIER
control field OSt
005 - DATE AND TIME OF LATEST TRANSACTION
control field 20140310181748.0
008 - FIXED-LENGTH DATA ELEMENTS--GENERAL INFORMATION
fixed length control field 130625t xxu||||| |||| 00| 0 eng d
020 ## - INTERNATIONAL STANDARD BOOK NUMBER
International Standard Book Number 0521617685
050 ## - LIBRARY OF CONGRESS CALL NUMBER
Classification number D 501
Item number .B433 2005
082 ## - DEWEY DECIMAL CLASSIFICATION NUMBER
Classification number IB 909.09823
Item number B41 2005
100 ## - MAIN ENTRY--PERSONAL NAME
Personal name Bell, Roger.
245 ## - TITLE STATEMENT
Title Conflict in the pacific :
Remainder of title Roger Bell.
Statement of responsibility, etc 1937-1951 /
260 ## - PUBLICATION, DISTRIBUTION, ETC. (IMPRINT)
Place of publication, distribution, etc New York :
Name of publisher, distributor, etc Cambridge University Press,
Date of publication, distribution, etc c2005.
300 ## - PHYSICAL DESCRIPTION
Extent 235 p. :
Dimensions 25 cm.
942 ## - ADDED ENTRY ELEMENTS (KOHA)
Source of classification or shelving scheme Library of Congress Classification
Koha item type Books
Holdings
Withdrawn status Lost status Source of classification or shelving scheme Damaged status Home library Current library Shelving location Date acquired Total Checkouts Full call number Barcode Date last seen Date checked out Copy number Price effective from Koha item type
    Library of Congress Classification   Luxembourg Library Luxembourg Library International Baccalaureate Section 06/25/2013 1 D 501 .B433 2005 16043 08/09/2024 08/05/2024 1 06/25/2013 Books

Conflict in the pacific :

APA

Bell R., . (2005). Conflict in the pacific. New York: Cambridge University Press.

Chicago

Bell Roger, . 2005. Conflict in the pacific. New York: Cambridge University Press.

Harvard

Bell R., . (2005). Conflict in the pacific. New York: Cambridge University Press.

MLA

Bell Roger, . Conflict in the pacific. New York: Cambridge University Press. 2005.

  • Place hold
  • Print
  • Cite
  • Add to your cart (remove)
  • Save record
    BIBTEX Dublin Core MARCXML MARC (non-Unicode/MARC-8) MARC (Unicode/UTF-8) MARC (Unicode/UTF-8, Standard) MODS (XML) RIS
  • More searches
    Search for this title in:
    Other Libraries (WorldCat) Other Databases (Google Scholar) Online Stores (Bookfinder.com) Open Library (openlibrary.org)

Exporting to Dublin Core...

SOUTHVILLE LIBRARY

Southville International School and Colleges Library

1281 Tropical Ave. Cor. Luxembourg St., BF Homes International, Las Pinas City

Tel. No. 8256374 / 252358 Loc. 117/146

Powered by Koha